| 000 | 00482nam a2200181Ia 4500 | ||
|---|---|---|---|
| 003 | GCL | ||
| 008 | 140319s9999 xx 000 0 eng d | ||
| 040 |
_aGCL / _cGCL |
||
| 082 | 0 | 4 |
_a621.252 _bH P |
| 100 | 1 | _aHICKS, TYLER G | |
| 245 | 1 | 0 |
_aPUMP OPERATION AND MAINTENANCE / _cHICKS, TYLER G |
| 260 |
_a[S.N] : _bTATA MCGRAW - HILL PUBLISHING COMPANY LT ، _c1995 |
||
| 300 | _a310\P | ||
| 650 | 0 | 4 | _aPUMPS |
| 650 | 0 | 4 | _aTECHNOLOGY |
| 650 | 0 | 4 | _aHYDRAULIC POWER |
| 942 |
_2ddc _cBK |
||
| 999 |
_c12121 _d12121 |
||